000 00723nam a22002411a 4500
001 25045
003 BD-RjUL
005 20211209050825.0
008 140316t19661964enk b 001 0 eng d
035 _a(BD-RjUL)25114
040 _aNUN
_beng
_cNUN
_dABN-SNR
_dBD-RjUL
041 _aeng
082 0 4 _a297
_bAHS 1966
100 1 _aAhmad, Aziz.
_977042
245 1 0 _aStudies in Islamic culture in the Indian environment /
_cAziz Ahmad.
260 _aLondon :
_bO.U.P.,
_c1964 [Reprinted 1970].
300 _ax, 311 p. :
_c22 cm.
504 _aIncludes bibliographical references and index.
650 0 _aIslamic civilization.
_9844
650 0 _aIslam
_zIndia.
_977043
650 0 _aMuslims
_zIndia.
_92363
942 _2ddc
_cBK
999 _c25045
_d25045